000 00708nam a2200229 i 4500
001 bg
100 1 _aBENDELL, Tony
245 1 0 _aBenchmarking :
_bjak uzyskać przewagę nad konkurencją /
_cTony Bendell, Louise Boulter ; przeł. [z ang.] Ewa Cisak.
260 _aKraków :
_bWydaw. Profesjonalnej Szkoły Biznesu,
_ccop. 2000.
300 _a225 s. :
_brys., wykr. ;
_c23 cm.
490 1 _aBiblioteka Menedżera
650 9 _aBenchmarking
700 1 _aBOULTER, Louise
830 _aBiblioteka Menedżera
020 _a8372300216
040 _cBPK
041 1 _apl
_hen
080 _a658.1/.5.012.4:339.137
920 _a83-7230-021-6
942 _cKS
008 s pl f |000 0 pol
999 _c37025
_d37025
856 _uhttp://koha.tu.koszalin.pl/cgi-bin/koha/opac-detail.pl?biblionumber=37025
_yKatalog online BPK